Planning for the protection of European sites (Record no. 105809)
[ view plain ]
| 000 -LEADER | |
|---|---|
| fixed length control field | 01690cam a2200229 4500 |
| 001 - CONTROL NUMBER | |
| control field | ##L134814 |
| 008 - FIXED-LENGTH DATA ELEMENTS--GENERAL INFORMATION | |
| fixed length control field | 060904n2006 000 0 eng u |
| 035 ## - SYSTEM CONTROL NUMBER | |
| System control number | (Sirsi) u134814 |
| 041 0# - LANGUAGE CODE | |
| Language code of text/sound track or separate title | eng |
| 050 04 - LIBRARY OF CONGRESS CALL NUMBER | |
| Classification number | 333.714 $2 22 |
| 110 1# - MAIN ENTRY--CORPORATE NAME | |
| Corporate name or jurisdiction name as entry element | United Kingdom |
| Subordinate unit | Department for Communities and Local Government |
| 9 (RLIN) | 4939 |
| 245 00 - TITLE STATEMENT | |
| Title | Planning for the protection of European sites |
| Remainder of title | appropriate assessment under the Conservation (Natural Habitats, &C) (Amendment) (England and Wales) Regulations 2006 |
| -- | guidance for Regional Spatial Strategies and Local Development Documents |
| 260 ## - PUBLICATION, DISTRIBUTION, ETC. | |
| Place of publication, distribution, etc. | London |
| Name of publisher, distributor, etc. | DCLG |
| Date of publication, distribution, etc. | 2006 |
| 520 ## - SUMMARY, ETC. | |
| Summary, etc. | Provides draft guidance to Regional Planning Bodies and Local Planning Authorities on how to carry out Appropriate Assessment (AA) for the protection of European sites. The European Community sites of exceptional importance in respect of rare, endangered or vulnerable natural habitats or species consist of Special Areas of Conservation, Special Protection Areas and Offshore Marine Site (none as yet designated). The purpose of AA of land use plans is to ensure that protection of the integrity of European sites is part of the planning process at regional and local level. Responses are required no later than 31 October 2006. |
| 590 ## - LOCAL NOTE (RLIN) | |
| Local note | IKA050906 |
| 650 24 - SUBJECT ADDED ENTRY--TOPICAL TERM | |
| Topical term or geographic name entry element | CONSERVATION (NATURAL HABITATS, &C) (AMENDMENT) (ENGLAND AND WALES) REGULATIONS 2006 |
| 650 24 - SUBJECT ADDED ENTRY--TOPICAL TERM | |
| Topical term or geographic name entry element | DIRECTIVE 92/43/EEC |
| 651 #4 - SUBJECT ADDED ENTRY--GEOGRAPHIC NAME | |
| Geographic name | England and Wales |
| Chronological subdivision | 1543- |
| 690 ## - LOCAL SUBJECT ADDED ENTRY--TOPICAL TERM (OCLC, RLIN) | |
| Topical term or geographic name as entry element | ENVIRONMENTAL AND LAND CONSULTANCY-ENVIRONMENTAL MANAGEMENT-ENVIRONMENTAL ASSESSMENT |
| 856 40 - ELECTRONIC LOCATION AND ACCESS | |
| Uniform Resource Identifier | <a href="https://www.communities.gov.uk/index.asp?id=1502244">https://www.communities.gov.uk/index.asp?id=1502244</a> |
| Public note | View the guidance free of charge at www.communities.gov.uk... |
| 942 ## - ADDED ENTRY ELEMENTS (KOHA) | |
| Suppress in OPAC | 0 |
| Withdrawn status | Lost status | Source of classification or shelving scheme | Damaged status | Not for loan | Home library | Current library | Shelving location | Date acquired | Total Checkouts | Full call number | Barcode | Date last seen | Copy number | Price effective from | Koha item type |
|---|---|---|---|---|---|---|---|---|---|---|---|---|---|---|---|
| Dewey Decimal Classification | Virtual | Virtual | Online | 04/09/2006 | ONLINE PUBLICATION | 134814-2001 | 06/08/2019 | 1 | 06/08/2019 | Book |